000 00313nam a2200121Ia 4500
008 240731s9999 xx 000 0 und d
022 _a1751-8431
245 0 _aDevelopmental Neurorehabilitation
260 _bTaylor & Francis
856 _uhttps://www.tandfonline.com/loi/ipdr20
942 _2ddc
942 _cTFEJ
999 _c76245
_d76245
945 _a1
_bMadushi Gamage
_c1
_dMadushi Gamage